UM Logo

Crime and the economy/ (Record no. 523)

MARC details
000 -LEADER
fixed length control field 00552nam a22001697a 4500
008 - FIXED-LENGTH DATA ELEMENTS--GENERAL INFORMATION
fixed length control field 160104b xxu||||| |||| 00| 0 eng d
020 ## - INTERNATIONAL STANDARD BOOK NUMBER
International Standard Book Number 13:978-1-84860-717-0
082 ## - DEWEY DECIMAL CLASSIFICATION NUMBER
Edition number 2013
Classification number DC 364.26
Item number R72c
100 ## - MAIN ENTRY--PERSONAL NAME
9 (RLIN) 1374
Personal name Rosenfeld, Richard
245 ## - TITLE STATEMENT
Title Crime and the economy/
Statement of responsibility, etc. Richard Rosenfeld and Steven F. Messner
260 ## - PUBLICATION, DISTRIBUTION, ETC. (IMPRINT)
Place of publication, distribution, etc. Los Angeles:
Name of publisher, distributor, etc. Sage;
Date of publication, distribution, etc. c2013
300 ## - PHYSICAL DESCRIPTION
Extent 141 pages;
Dimensions 20 cm.
500 ## - GENERAL NOTE
General note Includes bibliographical references and index.
650 #0 - SUBJECT ADDED ENTRY--TOPICAL TERM
9 (RLIN) 1376
Topical term or geographic name as entry element Crime
General subdivision Economic aspects
700 ## - ADDED ENTRY--PERSONAL NAME
9 (RLIN) 1375
Personal name Messner, Steven F.
942 ## - ADDED ENTRY ELEMENTS (KOHA)
Source of classification or shelving scheme Dewey Decimal Classification
Koha item type Circulation
Holdings
Withdrawn status Lost status Source of classification or shelving scheme Damaged status Not for loan Collection code Home library Current library Shelving location Date acquired Source of acquisition Total Checkouts Full call number Barcode Date last seen Date last checked out Copy number Price effective from Koha item type
    Dewey Decimal Classification     Circulation UM Digos College - LIC UM Digos College - LIC Book Cart 01/21/2014 Purchased 1 DC 364.26 R72c 2013 22171 11/20/2025 11/20/2025 1 01/04/2016 Circulation